1097 1370 1655 1407 1425 1185 1363 1562 1420 1257 1778 1526 1778 1820 1418 1056 1626 1701 1658 1166 1685 1804 1103 1911 1504 1619 1540 1440 1875 1913 1675 1808 1395 1581 1615 1135 1098 1347 1305 1724 1425 1091 1487 1281 1791 1654 1162 1767 1969 1610 1093 1884 1684 1393 1489 1799 1460 1878 1421 1308 1352 1678 1423 1072 1791 1976 1428 1076 1090 1101 1587 1493 1791 1995 1530 1424 1265 1397 1545 1079 1152 1219 1915 1693 1765 1585 1695 1399 1448 1698 1696 1860 1222 1649 1726 1102 1784 1458 1617 BCNSPRNW ULIB Ver.6.0+V

เปลี่ยนเป็นภาษาไทย

Change to English
 แสดงรายละเอียดบรรณานุกรม
  กลับหน้าหลัก

Brief Record : Get Marc (ISO 2709) : E-mail record : QR code < ปิดหน้าต่าง
LEADER : 00000nam 2200000uu 4500
001    13399120310
003     ULIB
008    120918s2549||||th 000 0 tha d
020    ^a9746435523(ล.1)
060  4 ^aWY159^bม199ก ล.1 2549
110 1  ^aมหาวิทยาลัยสุโขทัยธรรมาธิราช^bสาขาวิชาพยาบาลศาสตร์
245 00 ^aเอกสารการสอนชุดวิชา การพยาบาลเด็กและวัยรุ่น หน่วยที่ 1-5=^bNursing care of the child and adolescent/^cบรรณาธิการ ศรีนวล โอสถเสถียร
246 0  ^aNursing care of the child and adolescent
250    ^aพิมพ์ครั้งที่ 5
260    ^aนนทบุรี:^bศูนย์หนังสือมหาวิทยาลัยสุโขทัยธรรมาธิราช,^c2549
300    ^a508 หน้า
650  7 ^aการติดเชื้อ^xการพยาบาลเด็กและวัยรุ่น
650  7 ^aการพยาบาลกุมารเวชศาสตร์
700 0  ^aศรีนวล โอสถเสถียร,^eบรรณาธิการ
710 2  ^aมหาวิทยาลัยสุโขทัยธรรมาธิราช^bสาขาวิชาพยาบาลศาสตร์
945    ^p0^l0^i24373
945    ^p0^l0^i14675
995    ^aวิภา
999 ^a ใช้งานได้ทุกระบบ
รายการนี้ยังไม่มีแท็ก
คุณยังไม่ได้ล็อกอิน คุณสามารถมีกิจกรรมร่วมกับเว็บไซต์ได้ แต่ต้องล็อกอินก่อน ::
  ล็อกอิน

รายการสื่อสารสนเทศ

ลำดับที่ ประเภท เลขเรียก/บาร์โค้ด สถานที่ สถานะ
1. Book การพยาบาล
Book การพยาบาล
WY159 ม199ก ล.1 2549  
  Barcode: 24373
ห้องสมุดวิทยาเขตนครสวรรค์
►หนังสือทั่วไป:l:General Books
บนชั้น
2. Book การพยาบาล
Book การพยาบาล
สถานะ=หนังสือเก่า
WY159 ม199ก ล.1 2549 ฉ.1 
  Barcode: 14675
ห้องสมุดวิทยาเขตนครสวรรค์
►หนังสือทั่วไป:l:General Books
บนชั้น

รายการใกล้เคียง
    หัวเรื่อง [การพยาบาลกุมารเวชศาสตร์]

BibComment


ยังไม่เคยถูกคอมเมนท์

คอมเมนท์ทรัพยากรรายการนี้
  คอมเมนท์: เอกสารการสอนชุดว..


 Copyright 2026. Bcnsprnw @Library